zpět

Detail výsledku týmu

AC klub, Hradec Králové

Datum a čas kvízu

19 Celkem bodů Celkový počet nahraných bodů na tomto kvízu bez doplňovacích otázek.
7. Pořadí na kvízu Konečné umístění týmu na tomto kvízu.

Zaznamenané odpovědi

# Otázka Odpověď Body Výsledky
1. Minulý týden nastal poměrně vz... 9. 10. (2019) 1
2. Nobelovu cenu míru získal muž... Etiopie, premiér 0
3. Hudební svět přišel o další le... Cream 1
4. Provozovatelé pražských prodej... Botas 1
5. Kvalifikační zápas na fotbalov... na stadion mohly ženy 0
6. Téma o Brazílii zvítězilo ve f... pátou a pátou 0.5
7. Pokud bychom chtěli v říjnu 20... v Curychu 0
8. Věříme, že většina z Vás bude... Paulo Coelho, Jorge Amado 0
9. Především venkovská brazilská... maniok 1
10. Co se týče slavných osobností,... Adriana Lima 0